Ni lágrimas ni culpa.

Gardado en:
Detalles Bibliográficos
Autor Principal: González Ríos, Zaida (fotografías, curatoría, edición)
Formato: Libro
Idioma:Lingua castelá
Publicado: Santiago, Chile: El Gato de la Acequia, 2017.
Edición:Primera edición.
Subjects:
Tags: Engadir etiqueta
Sen Etiquetas, Sexa o primeiro en etiquetar este rexistro!

MARC

LEADER 00000nam a22000007a 4500
003 CL-VaPUC
005 20250321101937.0
008 250129t2017 ||||| |||| 00| 0 spa d
999 |c 446930  |d 446928 
020 |a 978-956-368-382-0 
040 |c Pontificia Universidad Católica de Valparaíso 
082 |2 22  |a 779.7 GON 2017 
100 |9 895990  |a González Ríos, Zaida  |e fotografías  |e curatoría  |e edición 
245 |a Ni lágrimas ni culpa. 
250 |a Primera edición. 
260 |a Santiago, Chile:  |b El Gato de la Acequia,  |c 2017. 
300 |a Páginas sin numeración:  |b fotografías; ilustraciones. 
500 |a c.1: Instituto Arcos. 08-01-2025 
583 |c 20250129  |k Yessy Sthefany Diaz Vidal 
600 0 |9 895990  |a González Ríos, Zaida  |v Autobiografía  |v Poemas, cartas, fotografías, etc.  |x Fótografa chilena 
650 0 |9 269391  |a Fotografía artística  |x Personajes mitológicos, animales domésticos, etc. 
942 |2 ddc  |c BK  |n 0 
952 |0 0  |1 0  |2 ddc  |4 0  |6 779_700000000000000_GON_2017  |7 0  |8 A  |9 600114  |a BIBINC  |b BIBINC  |d 2025-01-29  |e Instituto Arcos  |i 5665014  |l 1  |o 779.7 GON 2017  |p 5665014  |r 2025-05-02  |s 2025-05-02  |t 1  |w 2025-01-29  |y BK  |k IFP